International seminar on water management in arid and semi-arid zones (Record no. 46143)
[ view plain ]
| 000 -LEADER | |
|---|---|
| fixed length control field | 00548nam a22001457a 4500 |
| 008 - FIXED-LENGTH DATA ELEMENTS--GENERAL INFORMATION | |
| fixed length control field | 230622b |||||||| |||| 00| 0 eng d |
| 040 ## - CATALOGING SOURCE | |
| Original cataloging agency | National Science Library |
| Transcribing agency | National Science Library |
| 080 ## - UNIVERSAL DECIMAL CLASSIFICATION NUMBER | |
| Universal Decimal Classification number | 628.1(082.2) |
| Item number | M7.1 |
| 245 ## - TITLE STATEMENT | |
| Title | International seminar on water management in arid and semi-arid zones |
| Statement of responsibility, etc. | / 27-29 November, 1986 sponsors Unesco, New Delhi............................Roorkee |
| 260 ## - PUBLICATION, DISTRIBUTION, ETC. | |
| Place of publication, distribution, etc. | India: |
| Name of publisher, distributor, etc. | Department of Agricultural Meteorology, |
| Date of publication, distribution, etc. | 1986 |
| 300 ## - PHYSICAL DESCRIPTION | |
| Extent | 834p. |
| 500 ## - GENERAL NOTE | |
| General note | Vol. I |
| 650 ## - SUBJECT ADDED ENTRY--TOPICAL TERM | |
| Topical term or geographic name entry element | Seminar |
| 942 ## - ADDED ENTRY ELEMENTS (KOHA) | |
| Source of classification or shelving scheme | Universal Decimal Classification |
| Koha item type | Seminar |
| Withdrawn status | Lost status | Source of classification or shelving scheme | Materials specified (bound volume or other part) | Damaged status | Not for loan | Home library | Current library | Shelving location | Date acquired | Total Checkouts | Full call number | Barcode | Date last seen | Price effective from | Koha item type |
|---|---|---|---|---|---|---|---|---|---|---|---|---|---|---|---|
| Universal Decimal Classification | Vol. 1, 1986 | National Science Library | National Science Library | GF/Rk-13/C-16/R-4 | 17/11/1987 | 628.1(082.2) M7.1 | 168682 | 22/06/2023 | 17/11/1987 | Seminar |